[Event "Frankfurt Ch 2005"]
[Site "Ffm-Kalbach, LAZ"]
[Date "2005.06.06"]
[Round "6"]
[White "Röschlau, Bernd"]
[Black "Malek, Daniel"]
[Result "1-0"]
[WhiteElo "2190"]
[BlackElo "2254"]
[PlyCount "91"]
[EventDate "2005.??.??"]

1. e4 e6 2. d4 d5 3. Nc3 Bb4 4. e5 c5 5. a3 Bxc3+ 6. bxc3 Ne7 7. Qg4 O-O 8. Bd3
f5 9. exf6 Rxf6 10. Bg5 Rf7 11. Qh5 g6 12. Qd1 Nbc6 13. Nf3 Qf8 14. Qd2 cxd4
15. Bh6 dxc3 16. Qg5 Qd8 17. h4 Nf5 18. h5 Qxg5 19. Nxg5 Rf6 20. hxg6 hxg6 21.
O-O-O Ne5 22. Bxf5 gxf5 23. Rh5 Ng4 24. Rdh1 Rxh6 25. Rxh6 Nxh6 26. Rxh6 Bd7
27. Rh7 Bc6 28. Re7 Kf8 29. Rf7+ Ke8 30. Rh7 Rd8 31. Nxe6 Rd6 32. Ng7+ Kd8 33.
Nxf5 Rf6 34. g4 Bd7 35. Kd1 Bxf5 36. gxf5 Kc8 37. Rh5 Kd7 38. Ke2 Kd6 39. Ke3
Kc5 40. Kf4 d4 41. Ke5 Rf8 42. f6 Re8+ 43. Kf5 d3 44. f7 Rf8 45. Ke6+ Kd4 46.
Rd5+ 1-0

[Event "Frankfurt Ch 2005"]
[Site "Ffm-Kalbach, LAZ"]
[Date "2005.06.06"]
[Round "6"]
[White "Schlamp, Robert"]
[Black "Schlesinger, Omri"]
[Result "0-1"]
[WhiteElo "2290"]
[BlackElo "2116"]
[PlyCount "116"]
[EventDate "2005.??.??"]

1. c4 c5 2. Nf3 Nc6 3. Nc3 e5 4. g3 g6 5. Bg2 Bg7 6. O-O Nge7 7. d3 O-O 8. a3
d6 9. Rb1 a5 10. Ne1 Be6 11. Nc2 d5 12. cxd5 Nxd5 13. Nxd5 Bxd5 14. Bxd5 Qxd5
15. b4 axb4 16. axb4 cxb4 17. Nxb4 Nxb4 18. Rxb4 Rfb8 19. e4 Qe6 20. Be3 b5 21.
Qb1 Qd7 22. Rc1 Ra3 23. Rb3 Rxb3 24. Qxb3 Bf8 25. Ra1 b4 26. Ra5 Qe8 27. Bc1
Ra8 28. Rxa8 Qxa8 29. Bb2 Qa5 30. Kg2 Qc5 31. Kf1 Bd6 32. Ke2 Kf8 33. Qc4 Qxc4
34. dxc4 Ke7 35. f3 Kd7 36. Kd3 Kc6 37. Kc2 f6 38. Kb3 Kb6 39. Bc1 Bc5 40. Bd2
Ka5 41. g4 g5 42. Be1 Bf8 43. Bf2 Be7 44. h4 h6 45. h5 Bf8 46. Ba7 Ka6 47. Be3
Ka5 48. Bd2 Be7 49. c5 Bxc5 50. Kc4 Bf8 51. Kd5 Kb5 52. Bxb4 Bxb4 53. Ke6 Kc6
54. Kxf6 Kd6 55. Kg7 Ke7 56. Kxh6 Kf6 57. Kh7 Bf8 58. Kg8 Bg7 0-1

[Event "Frankfurt Ch 2005"]
[Site "Ffm-Kalbach, LAZ"]
[Date "2005.06.06"]
[Round "6"]
[White "Reschke, Stefan"]
[Black "Gramlich, Sebastian"]
[Result "1-0"]
[WhiteElo "2285"]
[BlackElo "1994"]
[PlyCount "83"]
[EventDate "2005.??.??"]

1. Nf3 d5 2. g3 Nf6 3. Bg2 c6 4. b3 Bg4 5. Bb2 Nbd7 6. c4 e6 7. O-O Bd6 8. Na3
h5 9. h4 Qe7 10. Nc2 O-O-O 11. d3 Bxf3 12. exf3 Rhg8 13. Bc1 Nh7 14. cxd5 cxd5
15. f4 Nhf6 16. Re1 g6 17. Bd2 Kb8 18. a3 Rc8 19. b4 Qd8 20. a4 Ng4 21. a5 Be7
22. Ra2 Bf6 23. d4 Qc7 24. Bf1 Qd8 25. Qf3 Qf8 26. Rd1 Qe7 27. b5 Rxc2 28. Rxc2
Bxd4 29. Be1 Bc5 30. Rdc1 b6 31. axb6 Bxb6 32. Qb3 Ndf6 33. Bb4 Qb7 34. Bd6+
Ka8 35. Bc5 Ne4 36. Bxb6 Qxb6 37. Qa2 Rb8 38. Bg2 Qxb5 39. Bxe4 dxe4 40. Rc7
Qb6 41. Qc2 e3 42. Qe4+ 1-0

[Event "Frankfurt Ch 2005"]
[Site "Ffm-Kalbach, LAZ"]
[Date "2005.06.06"]
[Round "6"]
[White "Ortmann, David"]
[Black "Wendel, Stephan"]
[Result "1-0"]
[WhiteElo "2279"]
[BlackElo "2153"]
[PlyCount "89"]
[EventDate "2005.??.??"]

1. Nf3 d5 2. d4 Nf6 3. c4 c6 4. Nc3 dxc4 5. a4 Bf5 6. Nh4 Bc8 7. e3 c5 8. Bxc4
e6 9. O-O Nc6 10. Nf3 cxd4 11. exd4 Be7 12. Bg5 O-O 13. Re1 b6 14. d5 Nxd5 15.
Bxd5 exd5 16. Qxd5 Be6 17. Qxc6 Bxg5 18. Rad1 Qe7 19. Nd5 Bxd5 20. Qxd5 Qf6 21.
Qxg5 Qxb2 22. h3 h6 23. Qe5 Qa2 24. Qb5 Rac8 25. Rd2 Qa3 26. Rde2 Qc5 27. Qxc5
Rxc5 28. Re5 Rfc8 29. Re8+ Rxe8 30. Rxe8+ Kh7 31. Re5 Rc1+ 32. Kh2 Ra1 33. Re4
f5 34. Rd4 Kg6 35. Ne5+ Kf6 36. Nc6 a6 37. Rb4 b5 38. axb5 axb5 39. Rxb5 Rd1
40. Rb2 h5 41. g3 Rd6 42. Na5 g5 43. Nc4 Rd5 44. Rb6+ Kg7 45. Kg2 1-0

[Event "Frankfurt Ch 2005"]
[Site "Ffm-Kalbach, LAZ"]
[Date "2005.06.06"]
[Round "6"]
[White "Solonar, Stefan"]
[Black "Uwira, Oliver"]
[Result "1-0"]
[WhiteElo "2257"]
[BlackElo "2112"]
[PlyCount "87"]
[EventDate "2005.??.??"]

1. Nf3 d5 2. d4 Nc6 3. g3 Bg4 4. Bg2 Qd7 5. h3 Bf5 6. Be3 O-O-O 7. c3 f6 8. b4
Kb8 9. Nbd2 e5 10. b5 Na5 11. Qa4 b6 12. dxe5 fxe5 13. Nxe5 Qe8 14. Bd4 Bd6 15.
Nc6+ Nxc6 16. bxc6 Nf6 17. e3 Bd3 18. O-O-O Qxc6 19. Qb3 Qb7 20. Kb2 Be7 21.
Bf1 Bxf1 22. Rhxf1 c5 23. Be5+ Ka8 24. c4 Rd7 25. cxd5 Rxd5 26. Nc4 Rhd8 27. a4
g6 28. Kc1 Ne4 29. f3 Ng5 30. e4 R5d7 31. h4 Nf7 32. Bf4 Rd4 33. Be3 R4d7 34.
Rxd7 Qxd7 35. Rd1 Qe6 36. Rxd8+ Bxd8 37. Nxb6+ Qxb6 38. Qxf7 Bf6 39. Qg8+ Kb7
40. Qd5+ Ka6 41. Qc4+ Kb7 42. Qf7+ Ka6 43. e5 Qb4 44. Qxf6+ 1-0

[Event "Frankfurt Ch 2005"]
[Site "Ffm-Kalbach, LAZ"]
[Date "2005.06.06"]
[Round "6"]
[White "Yilmaz, Ahmet"]
[Black "Brüggemann, Ludger"]
[Result "0-1"]
[WhiteElo "1916"]
[BlackElo "2187"]
[PlyCount "106"]
[EventDate "2005.??.??"]

1. e4 c5 2. Nf3 Nc6 3. Bb5 Qb6 4. Nc3 e6 5. O-O Nd4 6. a4 a6 7. Bc4 d6 8. Re1
Ne7 9. Nxd4 cxd4 10. Ne2 Nc6 11. d3 Be7 12. c3 Bf6 13. cxd4 Nxd4 14. Be3 Nxe2+
15. Rxe2 Bd4 16. a5 Qc5 17. b4 Qe5 18. Rb1 O-O 19. Qd2 Bxe3 20. Qxe3 Bd7 21. d4
Qh5 22. d5 Rac8 23. Bd3 Rc3 24. Rc2 Rxc2 25. Bxc2 exd5 26. exd5 Qxd5 27. Be4
Qb5 28. Qd2 Bf5 29. Bxf5 Qxf5 30. Rc1 Rc8 31. Rd1 d5 32. h3 Rd8 33. Qd4 Qe6 34.
Rc1 Qd6 35. g3 h6 36. Kg2 f6 37. Kh2 Qe5 38. Qb6 Rd7 39. Kg2 d4 40. Rd1 Qe4+
41. Kg1 Kf7 42. Qc5 Qd5 43. Qxd5+ Rxd5 44. Kf1 d3 45. Ke1 Rb5 46. Rb1 b6 47.
axb6 a5 48. Kd2 Rxb6 49. b5 Ke6 50. Kxd3 Kd5 51. f4 Kc5 52. Rc1+ Kxb5 53. Rb1+
Ka6 0-1

[Event "Frankfurt Ch 2005"]
[Site "Ffm-Kalbach, LAZ"]
[Date "2005.06.06"]
[Round "6"]
[White "Sadeghi, Behrang"]
[Black "Schwenkreis, Thomas"]
[Result "0-1"]
[WhiteElo "2183"]
[BlackElo "2109"]
[PlyCount "71"]
[EventDate "2005.??.??"]

1. e4 e5 2. Nf3 Nc6 3. Bb5 a6 4. Ba4 Nf6 5. O-O Be7 6. Re1 d6 7. c3 Bg4 8. d3
b5 9. Bc2 h6 10. Nbd2 Nh7 11. h3 Bh5 12. Nf1 Bg5 13. Ng3 Bg6 14. d4 Bf6 15. a4
O-O 16. d5 Ne7 17. Qe2 Rb8 18. axb5 axb5 19. b4 h5 20. Ra5 h4 21. Nf1 Bh5 22.
N1h2 Qd7 23. Bd3 c6 24. dxc6 Qxc6 25. Bd2 Ng6 26. Bxb5 Qb7 27. g3 hxg3 28. fxg3
Bd8 29. Ba6 Qc6 30. Ra3 Ng5 31. Bxg5 Bxg5 32. Qc4 Qb6+ 33. Kg2 Bh6 34. g4 Nf4+
35. Kh1 Bg6 36. g5 {Rest unklar} 0-1

[Event "Frankfurt Ch 2005"]
[Site "Ffm-Kalbach, LAZ"]
[Date "2005.06.06"]
[Round "6"]
[White "Diekmann, HaJo"]
[Black "Völker, Sebastian"]
[Result "1-0"]
[WhiteElo "2110"]
[BlackElo "1989"]
[PlyCount "117"]
[EventDate "2005.??.??"]

1. e4 c6 2. c4 d5 3. exd5 cxd5 4. cxd5 Nf6 5. Qa4+ Nbd7 6. Nc3 g6 7. d4 Bg7 8.
Nf3 O-O 9. Be2 Nb6 10. Qb3 Nbxd5 11. O-O b6 12. Bg5 Bb7 13. Rac1 a6 14. Rfe1
Qd6 15. Ne5 Nxc3 16. bxc3 b5 17. Bf3 Bxf3 18. Nxf3 e6 19. Ne5 Nd5 20. Nd3 Rfc8
21. Nc5 Rc6 22. Bh4 Rac8 23. Bg3 Qd8 24. Re4 Nb6 25. Rce1 Qd5 26. Bf4 Bf8 27.
c4 Nxc4 28. Qf3 Rxc5 29. dxc5 Nd2 30. Bxd2 Qxd2 31. R4e2 Qd4 32. Qb7 Rxc5 33.
Qxa6 Rf5 34. Qa8 Kg7 35. Qe4 Qb6 36. g3 Bc5 37. Rf1 h5 38. Kg2 Bd4 39. Rd2 Bc3
40. Rd3 b4 41. a3 Re5 42. Qf3 Rf5 43. Qe3 Qa5 44. axb4 Bxb4 45. Rd7 Qe5 46.
Qxe5+ Rxe5 47. f4 Re2+ 48. Rf2 Rxf2+ 49. Kxf2 Bc3 50. Ke3 e5 51. Kd3 Bb2 52.
Rb7 Ba1 53. Rb1 Bd4 54. Ke4 f5+ 55. Kd5 exf4 56. Kxd4 fxg3 57. hxg3 Kf6 58. Ke3
Kg5 59. Rb6 1-0

[Event "Frankfurt Ch 2005"]
[Site "Ffm-Kalbach, LAZ"]
[Date "2005.06.06"]
[Round "6"]
[White "Kabir, Razaul"]
[Black "Wolf, Udo"]
[Result "1-0"]
[WhiteElo "2012"]
[BlackElo "1963"]
[PlyCount "65"]
[EventDate "2005.??.??"]

1. e4 e6 2. d4 d5 3. Nc3 Bb4 4. e5 c5 5. a3 Ba5 6. b4 cxd4 7. Nb5 Bc7 8. f4 Ne7
9. Nf3 Bd7 10. Nbxd4 a6 11. Bd3 Nbc6 12. O-O Bb6 13. c3 Rc8 14. Kh1 Na7 15. Qe1
Bb5 16. Nxb5 Nxb5 17. Bd2 g6 18. a4 Na7 19. a5 Bc7 20. Be3 Bb8 21. Bc5 Nac6 22.
Qf2 h5 23. Nh4 g5 24. fxg5 Nxe5 25. Rae1 Rxc5 26. bxc5 Qc7 27. Rxe5 Qxe5 28.
Qxf7+ Kd8 29. Nf3 Qxc3 30. Bh7 e5 31. g6 e4 32. g7 Re8 33. Bxe4 1-0

[Event "Frankfurt Ch 2005"]
[Site "Ffm-Kalbach, LAZ"]
[Date "2005.06.06"]
[Round "6"]
[White "Cors, Heinz-Friedrich"]
[Black "Diaz, Joaquin"]
[Result "0-1"]
[WhiteElo "1970"]
[BlackElo "2012"]
[PlyCount "54"]
[EventDate "2005.??.??"]

1. e4 c6 2. c4 d5 3. exd5 cxd5 4. d4 Nf6 5. Nc3 e6 6. Nf3 Bb4 7. Be3 Qa5 8. Qb3
O-O 9. Bd3 dxc4 10. Bxc4 Bd7 11. O-O Ng4 12. Ne4 Ba4 13. Qd3 Nd7 14. h3 Ngf6
15. Nxf6+ Nxf6 16. Ne5 Rac8 17. Qe2 Bd6 18. b3 Bc6 19. Nxc6 Rxc6 20. Bb5 Rc7
21. Rac1 Rfc8 22. Rxc7 Rxc7 23. Bc4 a6 24. Rd1 b5 25. Bd3 Nd5 26. Qf3 Qxa2 27.
Qe4 g6 0-1

[Event "Frankfurt Ch 2005"]
[Site "Ffm-Kalbach, LAZ"]
[Date "2005.06.06"]
[Round "6"]
[White "Escher, Helmut"]
[Black "Matzies, Alexander"]
[Result "1/2-1/2"]
[WhiteElo "2012"]
[BlackElo "1922"]
[PlyCount "39"]
[EventDate "2005.??.??"]

1. d4 Nf6 2. c4 e5 3. dxe5 Ne4 4. Nf3 Bb4+ 5. Nbd2 Qe7 6. Qc2 Nxd2 7. Bxd2 Nc6
8. Bxb4 Qxb4+ 9. Qc3 Qxc3+ 10. bxc3 O-O 11. e3 Re8 12. Nd4 a6 13. f4 d6 14.
Nxc6 bxc6 15. exd6 cxd6 16. Kf2 Rb8 17. Be2 Rb2 18. Rhb1 Rc2 19. Rc1 Rb2 20.
Rcb1 1/2-1/2

[Event "Frankfurt Ch 2005"]
[Site "Ffm-Kalbach, LAZ"]
[Date "2005.06.06"]
[Round "6"]
[White "Lisanti, Marco"]
[Black "Minor, Samuel"]
[Result "1-0"]
[WhiteElo "1988"]
[BlackElo "1948"]
[PlyCount "61"]
[EventDate "2005.??.??"]

1. d4 f5 2. c4 Nf6 3. Qc2 d6 4. g3 e5 5. d5 g6 6. Nc3 Bg7 7. Bg2 Nbd7 8. Nf3
O-O 9. Ng5 Nb6 10. Ne6 Bxe6 11. dxe6 c6 12. a4 Nxc4 13. Qb3 d5 14. Qxb7 Qd6 15.
b3 Na5 16. Qa6 Nxb3 17. Ba3 Qxe6 18. Bxf8 Bxf8 19. Qb7 d4 20. Rb1 dxc3 21. Rxb3
Qc4 22. Qxa8 Qxb3 23. O-O Nd5 24. Qxc6 Nb4 25. Qc7 e4 26. g4 c2 27. gxf5 gxf5
28. Kh1 Na2 29. Rg1 c1=Q 30. Bf1+ Kh8 31. Qe5+ 1-0

[Event "Frankfurt Ch 2005"]
[Site "Ffm-Kalbach, LAZ"]
[Date "2005.06.06"]
[Round "6"]
[White "Noble, Fabian"]
[Black "Benninger, Rudolf"]
[Result "0-1"]
[WhiteElo "1728"]
[BlackElo "1985"]
[PlyCount "54"]
[EventDate "2005.??.??"]

1. d3 c5 2. Nf3 Nc6 3. c3 d5 4. Bf4 Nf6 5. Nbd2 Nh5 6. Bg3 Nxg3 7. hxg3 e5 8.
e3 Be7 9. Be2 Be6 10. d4 e4 11. Ng1 cxd4 12. exd4 Qd6 13. Nf1 O-O-O 14. Nh3 g5
15. Qd2 h6 16. O-O-O Kb8 17. Kb1 Qc7 18. Ne3 f5 19. Rdg1 Bd6 20. Nf1 f4 21.
gxf4 g4 22. g3 gxh3 23. Ne3 Qd7 24. Rh2 h5 25. Qd1 Qf7 26. b4 Ne7 27. b5 Rc8
0-1

[Event "Frankfurt Ch 2005"]
[Site "Ffm-Kalbach, LAZ"]
[Date "2005.06.06"]
[Round "6"]
[White "Rubel, Julian"]
[Black "Smit, Josip"]
[Result "1-0"]
[WhiteElo "1981"]
[BlackElo "1906"]
[PlyCount "114"]
[EventDate "2005.??.??"]

1. d4 Nf6 2. Bg5 Ne4 3. Bf4 c5 4. f3 Qa5+ 5. c3 Nf6 6. d5 Qb6 7. Bc1 e6 8. c4
exd5 9. cxd5 c4 10. e3 Qa5+ 11. Kf2 Qxd5 12. Qxd5 Nxd5 13. Bxc4 Nb6 14. Bb3 d5
15. Nc3 Be6 16. Nge2 Na6 17. Rd1 Nc7 18. Nd4 O-O-O 19. Nce2 Bd7 20. Bd2 Na4 21.
Rab1 Kb8 22. Nf4 Be8 23. Bxa4 Bxa4 24. b3 Bd7 25. Rbc1 Bd6 26. Nfe2 Ne6 27. Bc3
Nxd4 28. Bxd4 Rhg8 29. Bc5 Be6 30. Bxd6+ Rxd6 31. Rd2 Rgd8 32. Rcd1 a6 33. g4
Kc7 34. Nf4 g5 35. Ne2 b5 36. Nd4 Bc8 37. Rc1+ Kb6 38. b4 Bb7 39. Rdc2 R8d7 40.
Ke2 Rh6 41. Kd3 Rh3 42. Rf2 Rh6 43. Nf5 Rf6 44. Kd4 h5 45. h3 hxg4 46. hxg4 Re6
47. Rh2 f6 48. Rh8 Rc7 49. Rxc7 Kxc7 50. Rh7+ Kb6 51. Rd7 Kc6 52. Re7 Bc8 53.
Rxe6+ Bxe6 54. Ng3 Kd6 55. Nf1 f5 56. gxf5 Bxf5 57. Nd2 g4 {...} 1-0

[Event "Frankfurt Ch 2005"]
[Site "Ffm-Kalbach, LAZ"]
[Date "2005.06.06"]
[Round "6"]
[White "Henzner, Reiner"]
[Black "Storck, Eike-Werner"]
[Result "1/2-1/2"]
[WhiteElo "1976"]
[BlackElo "1894"]
[PlyCount "117"]
[EventDate "2005.??.??"]

1. e4 e5 2. Nf3 Nc6 3. Bb5 f5 4. d3 Nf6 5. O-O Bc5 6. Bxc6 dxc6 7. Nxe5 fxe4 8.
dxe4 Qxd1 9. Rxd1 Nxe4 10. Nd3 O-O 11. Nxc5 Nxc5 12. Be3 Ne4 13. c4 Nd6 14. b3
Bg4 15. f3 Bf5 16. Nc3 Rae8 17. Re1 a6 18. Rac1 Bg6 19. Na4 Nf5 20. Bf2 b6 21.
c5 b5 22. Nc3 Ne7 23. Bg3 b4 24. Ne4 Nd5 25. Rc4 h6 26. a3 a5 27. axb4 axb4 28.
Nd2 Rxe1+ 29. Bxe1 Re8 30. Ne4 Ne3 31. Rd4 Nc2 32. Rd1 Bxe4 33. fxe4 Rxe4 34.
Bg3 Nd4 35. Rd3 Ne2+ 36. Kf2 Nxg3 37. Kxg3 Re5 38. Kf4 Rxc5 39. Rd4 Rb5 40. Rc4
Rh5 41. Rxc6 Rxh2 42. Rxc7 Rxg2 43. Rc4 h5 44. Kf3 Rg4 45. Rc5 Rh4 46. Kg3 Rd4
47. Rxh5 Rd3+ 48. Kf4 Rxb3 49. Rb5 Rb1 50. Kg5 Kh7 51. Kg4 b3 52. Kg3 b2 53.
Kg2 Kh6 54. Rb6+ g6 55. Rb8 Kg5 56. Rb4 Kf5 57. Rb8 Kf4 58. Rf8+ Kg4 59. Rb8
1/2-1/2

[Event "Frankfurt Ch 2005"]
[Site "Ffm-Kalbach, LAZ"]
[Date "2005.06.06"]
[Round "6"]
[White "Kind, Veronika"]
[Black "Schalow, Daniel"]
[Result "1-0"]
[WhiteElo "1803"]
[BlackElo "2032"]
[PlyCount "57"]
[EventDate "2005.??.??"]

1. e4 d5 2. exd5 Qxd5 3. Nc3 Qa5 4. d4 c6 5. Bc4 Nf6 6. Bd2 Qb6 7. Nf3 Bg4 8.
Bxf7+ Kxf7 9. Ne5+ Ke8 10. Nxg4 Qxd4 11. Nxf6+ Qxf6 12. Qg4 Nd7 13. O-O Ne5 14.
Qe2 Nf7 15. Rfe1 Rd8 16. Rab1 h5 17. Ne4 Qf5 18. Bc3 Rh7 19. Rbd1 h4 20. Rxd8+
Kxd8 21. Rd1+ Kc7 22. Qe3 b6 23. a4 Nd6 24. Nxd6 exd6 25. a5 Qg6 26. axb6+ axb6
27. Ra1 Kb7 28. Qh3 Qf7 29. Qd3 1-0

[Event "Frankfurt Ch 2005"]
[Site "Ffm-Kalbach, LAZ"]
[Date "2005.06.06"]
[Round "6"]
[White "Hierling, Stefan"]
[Black "Kaliski, Erwin"]
[Result "1/2-1/2"]
[WhiteElo "1869"]
[BlackElo "2037"]
[PlyCount "72"]
[EventDate "2005.??.??"]

1. e4 e6 2. d4 d5 3. Nc3 Bb4 4. exd5 exd5 5. Bd2 Nf6 6. Be2 O-O 7. Bf3 Bf5 8.
Nge2 c6 9. O-O Nbd7 10. Ng3 Bg6 11. Re1 Qc7 12. Nce2 Bd6 13. a3 Ne4 14. Bxe4
dxe4 15. Qc1 f5 16. Bf4 Rae8 17. Bxd6 Qxd6 18. Qf4 Qe7 19. Nc3 Nb6 20. Nf1 Qf6
21. Rad1 Rd8 22. Qe5 Qxe5 23. dxe5 Rxd1 24. Nxd1 Re8 25. f4 exf3 26. gxf3 f4
27. Nd2 Bxc2 28. Nc3 Nd7 29. Nc4 b5 30. e6 Nc5 31. Na5 Rxe6 32. Rxe6 Nxe6 33.
Nxc6 Bd3 34. Nxa7 Nd4 35. Kf2 Kf7 36. a4 bxa4 1/2-1/2

[Event "Frankfurt Ch 2005"]
[Site "Ffm-Kalbach, LAZ"]
[Date "2005.06.06"]
[Round "6"]
[White "Blum, Ralph"]
[Black "Busic, Nedjeljko"]
[Result "1-0"]
[WhiteElo "2013"]
[BlackElo "1857"]
[PlyCount "81"]
[EventDate "2005.??.??"]

1. d4 Nf6 2. c4 g6 3. Nc3 Bg7 4. e4 d6 5. f3 O-O 6. Be3 Nc6 7. Qd2 e5 8. d5 Ne7
9. Bd3 Nd7 10. Nge2 f5 11. exf5 Nxf5 12. Bg5 Bf6 13. Ne4 Bxg5 14. Nxg5 Nc5 15.
Ne4 Nh4 16. Nxc5 Nxg2+ 17. Kf2 Qh4+ 18. Ng3 dxc5 19. Kxg2 Bh3+ 20. Kf2 Bg4 21.
Be4 Bxf3 22. Bxf3 e4 23. Rae1 Rxf3+ 24. Kg2 Re8 25. Rhf1 Qg4 26. Rxf3 exf3+ 27.
Kf2 Rf8 28. Qe3 Qxc4 29. Rd1 Qh4 30. Qe6+ Kg7 31. h3 Qa4 32. Qe5+ Kg8 33. Rd2
Re8 34. Qc3 Qh4 35. Rd3 Re2+ 36. Kxf3 Rh2 37. Qe5 Rxh3 38. Re3 Rxg3+ 39. Qxg3
Qh1+ 40. Kf2 Qc1 41. Qe5 1-0

[Event "Frankfurt Ch 2005"]
[Site "Ffm-Kalbach, LAZ"]
[Date "2005.06.06"]
[Round "6"]
[White "Hausmann, Hans-Ulrich"]
[Black "Behnick, Eckhard"]
[Result "1/2-1/2"]
[WhiteElo "1859"]
[BlackElo "2009"]
[PlyCount "61"]
[EventDate "2005.??.??"]

1. d3 e5 2. Nf3 Nc6 3. g3 Nf6 4. Bg2 d5 5. O-O Be7 6. c4 O-O 7. cxd5 Nxd5 8.
Nc3 Be6 9. Bd2 f5 10. Nxd5 Bxd5 11. Bc3 Bf6 12. Qc2 Nd4 13. Nxd4 exd4 14. Bb4
Re8 15. Bxd5+ Qxd5 16. Rfe1 Rac8 17. b3 c5 18. Bd2 b5 19. Rac1 Rc6 20. a4 a6
21. axb5 axb5 22. Qa2 Rce6 23. e3 dxe3 24. Bxe3 Bd4 25. Qd2 Qxb3 26. Bxd4 cxd4
27. Rxe6 Qxe6 28. Qb4 Qd7 29. Rc5 Rb8 30. Qb3+ Qf7 31. Qb4 1/2-1/2

[Event "Frankfurt Ch 2005"]
[Site "Ffm-Kalbach, LAZ"]
[Date "2005.06.06"]
[Round "6"]
[White "Rätsch, Kurt"]
[Black "Karsten, Heinrich"]
[Result "1-0"]
[WhiteElo "1852"]
[BlackElo "1975"]
[PlyCount "49"]
[EventDate "2005.??.??"]

1. e4 c5 2. Bc4 e6 3. c3 a6 4. Nf3 b5 5. Bb3 Bb7 6. Bc2 Nf6 7. e5 Nd5 8. O-O d6
9. d4 Nd7 10. a4 Qc7 11. axb5 axb5 12. Rxa8+ Bxa8 13. Na3 Bc6 14. Re1 g6 15. c4
bxc4 16. Nxc4 N7b6 17. Nxd6+ Bxd6 18. exd6 Qxd6 19. Bh6 Nd7 20. dxc5 Qxc5 21.
Nd4 Ke7 22. Bg5+ N5f6 23. Nxc6+ Qxc6 24. Ba4 Qc5 25. Qxd7+ 1-0

[Event "Frankfurt Ch 2005"]
[Site "Ffm-Kalbach, LAZ"]
[Date "2005.06.06"]
[Round "6"]
[White "Noble, Alexander"]
[Black "Gutacker, Stephan"]
[Result "1-0"]
[WhiteElo "1972"]
[BlackElo "1827"]
[PlyCount "103"]
[EventDate "2005.??.??"]

1. e4 e5 2. Bc4 Nf6 3. Nf3 Nc6 4. Ng5 d5 5. exd5 Na5 6. Bb5+ c6 7. dxc6 bxc6 8.
Be2 h6 9. Nf3 e4 10. Ne5 Bd6 11. d4 exd3 12. Nxd3 O-O 13. Bf4 Bxf4 14. Nxf4
Qxd1+ 15. Bxd1 Re8+ 16. Ne2 Ba6 17. b3 Bxe2 18. Bxe2 Nd5 19. g3 c5 20. Kf1 Nb4
21. Na3 Rad8 22. Bb5 Re6 23. c3 Nd5 24. Rc1 a6 25. Be2 Nf6 26. Rc2 Rde8 27. Bf3
g5 28. h3 Nd7 29. Kg2 Ne5 30. Bd5 Rd6 31. Rd1 Red8 32. Rcd2 Kg7 33. c4 Nac6 34.
Nc2 a5 35. Ne3 Kf6 36. Nc2 Nb4 37. Na3 Ng6 38. Nb5 R6d7 39. Nc3 Kg7 40. Ne4 Na6
41. Bb7 Rxd2 42. Rxd2 Rxd2 43. Nxd2 Nb4 44. Ne4 Nd3 45. Bd5 f5 46. Nd6 Kf6 47.
Nb7 Nb4 48. Nxc5 Nxd5 49. cxd5 Ke5 50. d6 Kxd6 51. Nb7+ Kc6 52. Nxa5+ 1-0

[Event "Frankfurt Ch 2005"]
[Site "Ffm-Kalbach, LAZ"]
[Date "2005.06.06"]
[Round "6"]
[White "Ganjian, Mehrdad"]
[Black "Bischoff, Ulrich"]
[Result "1/2-1/2"]
[WhiteElo "1808"]
[BlackElo "1971"]
[PlyCount "72"]
[EventDate "2005.??.??"]

1. c4 e5 2. Nc3 Nf6 3. d3 Bb4 4. Bd2 O-O 5. a3 Bxc3 6. Bxc3 Re8 7. e4 c6 8. Nf3
d5 9. Qc2 Nbd7 10. b4 Nf8 11. Be2 Ng6 12. Bd2 b6 13. O-O h6 14. Rfe1 Bd7 15. h3
Rc8 16. c5 Be6 17. Bf1 Nh5 18. Rac1 Qf6 19. Qa4 Bxh3 20. Qxa7 bxc5 21. exd5
cxd5 22. Rxc5 Bg4 23. Nh2 Be6 24. Rxc8 Rxc8 25. b5 Rc2 26. Qa5 Kh7 27. Qb4 d4
28. Rc1 Rxc1 29. Bxc1 Bd5 30. a4 Nhf4 31. Qe1 Qg5 32. f3 Nh4 33. Bxf4 Qxf4 34.
Qe2 g5 35. a5 f5 36. Qf2 Qc1 1/2-1/2

[Event "Frankfurt Ch 2005"]
[Site "Ffm-Kalbach, LAZ"]
[Date "2005.06.06"]
[Round "6"]
[White "Syed, Tareq"]
[Black "Lux, Andreas"]
[Result "0-1"]
[WhiteElo "1944"]
[BlackElo "1801"]
[PlyCount "88"]
[EventDate "2005.??.??"]

1. b3 d5 2. Bb2 Bf5 3. e3 e6 4. Nf3 h6 5. d3 Nf6 6. Nbd2 Be7 7. Qe2 O-O 8. e4
Bh7 9. Ne5 c5 10. O-O-O Qa5 11. Kb1 Na6 12. h4 Rac8 13. g4 c4 14. dxc4 Nxe4 15.
Nxe4 Bxe4 16. f3 Bh7 17. Qd2 Qxd2 18. Rxd2 Rfd8 19. cxd5 Nb4 20. Bd3 Nxd3 21.
Nxd3 Rxd5 22. g5 Bxd3 23. cxd3 h5 24. f4 Bb4 25. Rc2 Rxc2 26. Kxc2 a6 27. Rd1
Bd6 28. Rf1 Rf5 29. Bc1 e5 30. g6 exf4 31. gxf7+ Kxf7 32. d4 f3 33. Kd3 Bg3 34.
Bg5 f2 35. Ke4 g6 36. a4 Ke6 37. Ke3 Kd5 38. Bd8 Rf8 39. Bg5 Re8+ 40. Kf3 Re1
41. Kg2 Kxd4 42. b4 Kd3 43. Rxf2 Bxf2 44. Kxf2 Re4 0-1

[Event "Frankfurt Ch 2005"]
[Site "Ffm-Kalbach, LAZ"]
[Date "2005.06.06"]
[Round "6"]
[White "Willems, Matthias"]
[Black "Fischer, Manfred"]
[Result "1-0"]
[WhiteElo "1936"]
[BlackElo "1779"]
[PlyCount "41"]
[EventDate "2005.??.??"]

1. d4 Nf6 2. Nf3 e6 3. c4 c5 4. d5 b5 5. Bg5 Qa5+ 6. Bd2 Qb6 7. Qc2 bxc4 8. e4
exd5 9. exd5 Nxd5 10. Bxc4 Nf6 11. Nc3 Bb7 12. Ne5 d5 13. Qa4+ Nbd7 14. Bb5 Rd8
15. Bg5 Qe6 16. O-O-O Qxe5 17. Rhe1 Ne4 18. Nxe4 Be7 19. Bxe7 Qf4+ 20. Kb1 Kxe7
21. Nxc5+ 1-0

[Event "Frankfurt Ch 2005"]
[Site "Ffm-Kalbach, LAZ"]
[Date "2005.06.06"]
[Round "6"]
[White "Rosselli, Marten"]
[Black "Pliss, Viktor"]
[Result "1-0"]
[WhiteElo "1933"]
[BlackElo "1777"]
[PlyCount "103"]
[EventDate "2005.??.??"]

1. e4 e6 2. d4 d5 3. Nd2 Nf6 4. e5 Nfd7 5. Bd3 c5 6. c3 Nc6 7. Ne2 Be7 8. O-O
c4 9. Bc2 f5 10. exf6 Nxf6 11. Nf3 O-O 12. Re1 Bd6 13. Bf4 Qc7 14. Bxd6 Qxd6
15. Ng3 Bd7 16. Ne5 Be8 17. Qe2 Nd8 18. b3 b5 19. a4 cxb3 20. Bxb3 b4 21. c4 a5
22. c5 Qc7 23. f3 Ra7 24. Nh1 Nh5 25. g3 Qe7 26. Nf2 Nf6 27. Nfd3 Nh5 28. Qe3
h6 29. g4 Nf6 30. Nf4 Qb7 31. h4 Nh7 32. Bc2 g5 33. Bxh7+ Qxh7 34. hxg5 hxg5
35. Nfd3 Qg7 36. Kg2 Rf6 37. Rh1 Rh6 38. Rxh6 Qxh6 39. Rh1 Qg7 40. Kg3 Re7 41.
f4 gxf4+ 42. Nxf4 Qg5 43. Rh8+ Kxh8 44. Nfg6+ Qxg6 45. Nxg6+ Bxg6 46. Qh6+ Bh7
47. Qf8+ Bg8 48. Qxe7 Nc6 49. Qc7 Nxd4 50. Qe5+ Kh7 51. Qxd4 Kg6 52. c6 1-0

[Event "Frankfurt Ch 2005"]
[Site "Ffm-Kalbach, LAZ"]
[Date "2005.06.06"]
[Round "6"]
[White "Rotermund, Verena"]
[Black "Orwatsch, Gerhard"]
[Result "1/2-1/2"]
[WhiteElo "1762"]
[BlackElo "1930"]
[PlyCount "85"]
[EventDate "2005.??.??"]

1. e4 c5 2. Nc3 Nc6 3. f4 d6 4. Nf3 Bg4 5. Bc4 e6 6. Bb3 a6 7. h3 Bxf3 8. Qxf3
Nd4 9. Qf2 Be7 10. O-O Bf6 11. e5 Be7 12. d3 d5 13. f5 Nxf5 14. Bxd5 Qd7 15.
Qf3 exd5 16. Qxf5 Qxf5 17. Rxf5 Rd8 18. Bd2 g6 19. Rf3 f5 20. exf6 Nxf6 21. Bg5
Ng8 22. Re1 h6 23. Bxe7 Nxe7 24. Rf6 Kd7 25. Na4 Rh7 26. Nxc5+ Kc8 27. Ne6 Rg8
28. Nd4 h5 29. Rfe6 Rgg7 30. Nf3 g5 31. R6e5 g4 32. hxg4 hxg4 33. Ng5 Rh5 34.
Rxe7 Rgxg5 35. Rf7 Re5 36. Rxe5 Rxe5 37. Kf2 d4 38. Rf4 Rc5 39. Rxd4 Rxc2+ 40.
Kg3 Rxb2 41. a4 Rd2 42. Rd5 Kc7 43. Rd4 1/2-1/2

[Event "Frankfurt Ch 2005"]
[Site "Ffm-Kalbach, LAZ"]
[Date "2005.06.06"]
[Round "6"]
[White "Göbel, Andreas"]
[Black "Bittner, Peter"]
[Result "1-0"]
[WhiteElo "1904"]
[BlackElo "1700"]
[PlyCount "103"]
[EventDate "2005.??.??"]

1. c4 c5 2. Nc3 Nf6 3. g3 g6 4. Bg2 Bg7 5. e4 Nc6 6. Nge2 e5 7. d3 O-O 8. O-O
d6 9. f4 Bg4 10. Be3 Qd7 11. Qd2 Nd4 12. Bxd4 cxd4 13. Nd5 Nxd5 14. exd5 Bh6
15. Rae1 Rae8 16. Bf3 Bxf3 17. Rxf3 Qg4 18. Kg2 f5 19. Rff1 g5 20. Kh1 Rf7 21.
Nxd4 Kh8 22. fxg5 Bxg5 23. Qf2 h5 24. Ne6 Be7 25. Qf3 Qh3 26. Qg2 Qg4 27. Qf3
Qh3 28. Re2 Rg8 29. Rg2 Rg4 30. Rgf2 h4 31. Qg2 Qxg2+ 32. Rxg2 hxg3 33. Rxg3
Rh7 34. Rfg1 Rxg3 35. Rxg3 f4 36. Rf3 Kg8 37. Kg2 Kf7 38. Rh3 Rxh3 39. Kxh3 Kg6
40. Kg4 a6 41. b4 b6 42. a4 Kf7 43. Kf3 a5 44. bxa5 bxa5 45. d4 Ke8 46. dxe5
dxe5 47. Ke4 Kd7 48. c5 Bh4 49. c6+ Kc8 50. d6 Bf6 51. d7+ Kb8 52. c7+ 1-0